<?xml version="1.0" encoding="UTF-8"?><?xml-stylesheet type="text/xsl" href="static/style.xsl"?><OAI-PMH xmlns="http://www.openarchives.org/OAI/2.0/" xmlns:xsi="http://www.w3.org/2001/XMLSchema-instance" xsi:schemaLocation="http://www.openarchives.org/OAI/2.0/ http://www.openarchives.org/OAI/2.0/OAI-PMH.xsd"><responseDate>2026-04-27T14:39:38Z</responseDate><request verb="GetRecord" identifier="oai:uvadoc.uva.es:10324/24902" metadataPrefix="marc">https://uvadoc.uva.es/oai/request</request><GetRecord><record><header><identifier>oai:uvadoc.uva.es:10324/24902</identifier><datestamp>2025-03-26T19:45:06Z</datestamp><setSpec>com_10324_1191</setSpec><setSpec>com_10324_931</setSpec><setSpec>com_10324_894</setSpec><setSpec>col_10324_1379</setSpec></header><metadata><record xmlns="http://www.loc.gov/MARC21/slim" xmlns:doc="http://www.lyncode.com/xoai" xmlns:xsi="http://www.w3.org/2001/XMLSchema-instance" xmlns:dcterms="http://purl.org/dc/terms/" xsi:schemaLocation="http://www.loc.gov/MARC21/slim http://www.loc.gov/standards/marcxml/schema/MARC21slim.xsd">
<leader>00925njm 22002777a 4500</leader>
<datafield tag="042" ind1=" " ind2=" ">
<subfield code="a">dc</subfield>
</datafield>
<datafield tag="720" ind1=" " ind2=" ">
<subfield code="a">Ruiz Calleja, Adolfo</subfield>
<subfield code="e">author</subfield>
</datafield>
<datafield tag="720" ind1=" " ind2=" ">
<subfield code="a">Asensio Pérez, Juan Ignacio</subfield>
<subfield code="e">author</subfield>
</datafield>
<datafield tag="720" ind1=" " ind2=" ">
<subfield code="a">Vega Gorgojo, Guillermo</subfield>
<subfield code="e">author</subfield>
</datafield>
<datafield tag="720" ind1=" " ind2=" ">
<subfield code="a">Gómez Sánchez, Eduardo</subfield>
<subfield code="e">author</subfield>
</datafield>
<datafield tag="720" ind1=" " ind2=" ">
<subfield code="a">Bote Lorenzo, Miguel Luis</subfield>
<subfield code="e">author</subfield>
</datafield>
<datafield tag="720" ind1=" " ind2=" ">
<subfield code="a">Alario Hoyos, Carlos</subfield>
<subfield code="e">author</subfield>
</datafield>
<datafield tag="260" ind1=" " ind2=" ">
<subfield code="c">2017</subfield>
</datafield>
<datafield tag="520" ind1=" " ind2=" ">
<subfield code="a">This paper presents We-Share, a social annotation application that enables educators to publish and retrieve information about educational ICT tools. As a distinctive characteristic, We-Share provides educators data about educational tools already available on the Web of Data while allowing them to enrich such data with their experience using technology in the classroom. We-Share evaluation entails an empirical study where 23 educators enriched tool descriptions available on the Web of Data out of their own experience. The results suggest that experiential annotations published by educators using We-Share improve the satisfaction and confidence of other educators when discovering and selecting ICT tools. Further, most educators found We-Share an easy-to-use application suitable to share and retrieve information about educational ICT tools.</subfield>
</datafield>
<datafield tag="024" ind2=" " ind1="8">
<subfield code="a">Ruiz-Calleja, A.,  Asensio-Pérez, J.I.,  Vega-Gorgojo, G.,  Gómez-Sánchez, E.,  Bote-Lorenzo, M.L.,  Alario-Hoyos, C. Enriching the Web of Data with educational information using We-Share.  The International Review of Research in Open and Distributed Learning. 18(1):247-265, February 2017</subfield>
</datafield>
<datafield tag="024" ind2=" " ind1="8">
<subfield code="a">1492-3831</subfield>
</datafield>
<datafield tag="024" ind2=" " ind1="8">
<subfield code="a">http://uvadoc.uva.es/handle/10324/24902</subfield>
</datafield>
<datafield tag="024" ind2=" " ind1="8">
<subfield code="a">10.19173/irrodl.v18i1.2633</subfield>
</datafield>
<datafield tag="024" ind2=" " ind1="8">
<subfield code="a">International Review of Research in Open and Distributed Learning</subfield>
</datafield>
<datafield tag="245" ind1="0" ind2="0">
<subfield code="a">Enriching the Web of Data with educational information using We-Share</subfield>
</datafield>
</record></metadata></record></GetRecord></OAI-PMH>